000 00643cam a2200181 i 4500
005 20260127114135.0
008 250721s9999 ua gr 000 0 ara d
082 1 4 _a361.4
_bس ي د
100 1 _aحسن، جابر عوض سيد
_eمؤلف.
245 1 0 _aممارسة العمل مع الجماعات /
_cدكتور جابر عوض السيد.
264 3 1 _aالإسكندرية :
_bالمكتبة الجامعية،
_c1997.
300 _a320 صفحة.
650 1 7 _aالخدمة الإجتماعية.
650 1 7 _aالعمل الجماعي.
650 1 7 _aظروف العمل.
942 _2ddc
_cBK
999 _c81249
_d81249